000 00557nam a2200205Ia 4500
005 20250326144718.0
008 250326s9999 xx 000 0 und d
020 _a345-016-98765432
037 _aTextbook
040 _aFMSL
_beng
_cFMSL
041 _aeng
_2eng
084 _aX:51:f M3
_qFMSL
100 _aChurchill G
_9750021
245 0 _aMarketing research: methodogical foundations
_cChurchill G
250 _a3
260 _aLondon
_bLondon, Dryden
_c1983
300 _a756p
942 _cTB
_hX:51:f M3
999 _c1304714
_d1304714